000 00555nam a2200181Ia 4500
005 20250423100709.0
008 250422s9999 xx 000 0 und d
020 _a9788183564922
050 _aBF 637.C45 .H44/
100 _aHegde, H. P.
245 0 _aPsychology of internet and cyber space
260 _aNew Delhi
260 _bDiscovery Publishing House Pvt. Ltd.
260 _c2018
300 _a209 p
650 _a Communication--Psychological aspects. Internet--Psychological aspects. Computer networks--Psychological aspects.
942 _cBK
999 _c34094
_d34094